| 000 | 00787nam a22002057a 4500 | ||
|---|---|---|---|
| 999 |
_c20569 _d20569 |
||
| 003 | AR-CdUCM | ||
| 008 | 190531b ||||| |||| 00| 0 spa d | ||
| 040 |
_aMUNICIPALIDAD PROVINCIAL DEL CUSCO _cBIBLIOTECA MUNICIPAL DEL CUSCO |
||
| 082 |
_a618.92 / _bP75 |
||
| 100 |
_aPolo Alcántara, Oscar . _942999 |
||
| 245 |
_aCausas de las malformaciones congénitas en los recién nacidos : _bPara profesores, estudiantes y padres de familia / |
||
| 260 |
_aLima: _bMarcos, _c1973. |
||
| 300 |
_a36 páginas ; _c23 cm. _bfotografías. |
||
| 505 | _aContenido: Malformaciones congénitas -- Anomalías de causa genética --La consanguinidad... | ||
| 650 |
_aAborto _943000 |
||
| 650 |
_aGestación _943001 |
||
| 650 |
_aAcondroplásia _943002 |
||
| 942 |
_2ddc _cLIBROS |
||
| 945 | _aJavier | ||